| 000 | 00000cas 2200000za 4500 |
| 001 | 9.504246 |
| 003 | CaOODSP |
| 005 | 20260326130612 |
| 007 | cr ||||||||||| |
| 008 | 150406c20149999oncar p o||||f0 |0fre|d |
| 022 | |a2368-0296 |
| 040 | |aCaOODSP|bfre |
| 043 | |an-cn--- |
| 086 | 1 |aV95F-PDF |
| 110 | 1 |aCanada. |bTribunal des anciens combattants (révision et appel) |
| 245 | 10|aRapport annuel |h[ressource électronique] |
| 246 | 3 |aRapport annuel - Tribunal des anciens combattants (révision et appel) |
| 260 | |a[Ottawa] : |bTribunal des anciens combattants (révision et appel),|c[2014]- |
| 310 | |aAnnuel |
| 362 | 0 |aParaît depuis : 2013/2014. |
| 500 | |aPubli. aussi en anglais sous le titre : Annual report - Veterans Review and Appeal Board. |
| 775 | 08|tAnnual report |w(CaOODSP)9.507868 |
| 776 | 0#|tTribunal des anciens combattants (révision et appel) - rapport annuel |w(CaOODSP)9.512451 |